000 01023nas a2200325 4500
001 BR2013010246
003 BR-BrBNA
005 20231205123428.0
007 ta
008 230509b bl.|||p| |||| 00| 00por d
040 _aBR-BrBNA
_bpor
_cBiblioteca Nacional de Agricultura
041 _a(Pt)
072 _aF30
100 1 _aNomura, E.S.
100 1 _aDamatto Junior, E.R.
100 1 _aFuzitani, E.J.
100 1 _aAmorim, E.P.
100 1 _aSilva, S. de O. e
245 1 _aAvaliação agronômica de genótipos de bananeiras em condições subtropicais, Vale do Ribeira, São Paulo - Brasil
650 _aBANANA
650 _aGENÓTIPO
650 _aCARACTERÍSTICAS AGRONÔMICAS
650 _aCLIMA TROPICAL
650 _aVARIEDADE
650 _aMELHORAMENTO GENÉTICO VEGETAL
650 _aSÃO PAULO
773 0 _tRevista Brasileira de Fruticultura (Brazil)
_xISSN 0100-2945
_g(Mar 2013), v. 35(1) p. 112-122
_wBR2013010246
909 _a202311
_bLúcia
_c55
_dLúcia Elande
942 _2AGRIS
_n0
_cANA
999 _c233829
_d233829